000
00317nam a2200121Ia 4500
008
201217s9999 xx 000 0 und d
100
_a
Bruun, Per
245
0
_a
Port Engineering Vol-1 : Harbor Planning, Breakwaters and Marine Terminals
260
_a
New York
_b
ASCI
300
_a
1461
490
_v
Vol 1
942
_c
BK
999
_c
7962
_d
7962